[Event "II Festival A"]
[Site "Cortina d'Ampezzo ITA"]
[Date "2004.07.15"]
[Round "6"]
[White "Quaranta, Cristiano"]
[Black "Fontana, Enrico"]
[Result "0-1"]
[WhiteElo "2110"]
[BlackElo "2056"]
[PlyCount "88"]
[EventDate "2004.07.11"]

1. d4 Nf6 2. Bg5 d5 3. Bxf6 exf6 4. e3 c6 5. c4 dxc4 6. Bxc4 Qb6 7. Qc2 Na6 8.
Nc3 Be7 9. Nge2 O-O 10. O-O Be6 11. Bd3 h6 12. a3 Bb3 13. Qd2 Rfd8 14. Nc1 Nc7
15. Nxb3 Qxb3 16. Bc2 Qe6 17. b4 a5 18. Qd3 f5 19. bxa5 Rxa5 20. Rfb1 b5 21.
Ne2 Nd5 22. Bb3 Qd7 23. Nc3 Nxc3 24. Qxc3 Rda8 25. Bd1 c5 26. dxc5 Bf6 27. c6
Bxc3 28. cxd7 Bxa1 29. Rxa1 Rd8 30. Bc2 Rxd7 31. Bxf5 Rxa3 32. Rc1 Rc3 33. Ra1
Ra7 34. Rb1 g6 35. Be4 Rca3 36. Kf1 Ra1 37. Ke2 R7a2+ 38. Kf3 Rxb1 39. Bxb1 Rb2
40. Bd3 b4 41. Bc4 Rc2 42. Bd3 b3 43. e4 Rc3 44. Ke2 b2 0-1

[Event "II Festival A"]
[Site "Cortina d'Ampezzo ITA"]
[Date "2004.07.15"]
[Round "6"]
[White "Rombaldoni, Denis"]
[Black "Poropat, Marijan"]
[Result "1-0"]
[WhiteElo "2224"]
[BlackElo "2126"]
[PlyCount "45"]
[EventDate "2004.07.11"]

1. d4 g6 2. Nf3 Bg7 3. c4 d6 4. Nc3 Bg4 5. h3 Bd7 6. e4 e5 7. Bg5 Qc8 8. dxe5
dxe5 9. c5 Be6 10. Bc4 f6 11. Be3 Ne7 12. Nd5 Na6 13. Qb3 Kf7 14. O-O Nc6 15.
Qa4 Ncb8 16. Nxe5+ fxe5 17. f4 Qd7 18. Qb3 Ke8 19. Qxb7 Bxd5 20. exd5 Ke7 21.
fxe5 c6 22. Bg5+ Ke8 23. dxc6 1-0

[Event "II Festival A"]
[Site "Cortina d'Ampezzo ITA"]
[Date "2004.07.15"]
[Round "6"]
[White "Sanzani, Pierluigi"]
[Black "Rocchetti, Marco"]
[Result "0-1"]
[WhiteElo "1955"]
[BlackElo "1978"]
[PlyCount "35"]
[EventDate "2004.07.11"]

1. e4 d5 2. exd5 Qxd5 3. Nc3 Qa5 4. d4 Nf6 5. Nf3 c6 6. Bd3 Bg4 7. h3 Bh5 8. g4
Bg6 9. Bxg6 hxg6 10. Bd2 Nxg4 11. Ng5 Nf6 12. Qf3 Qf5 13. Qg3 Na6 14. O-O-O Nb4
15. Nge4 Nxa2+ 16. Kb1 Nxc3+ 17. Nxc3 O-O-O 18. Bf4 0-1

[Event "II Festival A"]
[Site "Cortina d'Ampezzo ITA"]
[Date "2004.07.15"]
[Round "6"]
[White "Sulava, Nenad"]
[Black "Kostic, Vladimir G."]
[Result "1/2-1/2"]
[WhiteElo "2482"]
[BlackElo "2390"]
[PlyCount "102"]
[EventDate "2004.07.11"]

1. Nf3 Nf6 2. c4 c6 3. Nc3 d5 4. d4 a6 5. cxd5 cxd5 6. Bf4 Nc6 7. Rc1 e6 8. e3
Be7 9. Bd3 O-O 10. Ne5 Nd7 11. Nxc6 bxc6 12. e4 e5 13. dxe5 d4 14. Na4 Nxe5 15.
O-O Nxd3 16. Qxd3 Be6 17. b3 f5 18. Be5 fxe4 19. Qxe4 d3 20. Rcd1 Bf5 21. Qc4+
Qd5 22. Qxd5+ cxd5 23. Nb2 Rac8 24. Nxd3 Rc2 25. Nf4 Rxa2 26. Nxd5 Re8 27. Bd4
Bf8 28. b4 Bc2 29. Rd2 Bb3 30. Rxa2 Bxa2 31. Ne3 Bxb4 32. Ra1 Bf7 33. Rxa6 Rd8
34. Bb6 Rb8 35. h4 Bd2 36. Bc7 Re8 37. Nf5 Bg6 38. Ng3 Bf7 39. Kh2 Be1 40. Bb6
Bd2 41. Ra4 h6 42. Nf1 Bc3 43. Bc7 Bf6 44. Bg3 Bg6 45. Ne3 Re4 46. Rxe4 Bxe4
47. f3 Bd3 48. Bf2 Bd4 49. Ng4 Bc3 50. Be3 Bf5 51. Nf2 Be1 1/2-1/2

[Event "II Festival A"]
[Site "Cortina d'Ampezzo ITA"]
[Date "2004.07.15"]
[Round "6"]
[White "Tomba, Ivan"]
[Black "Lain, Luigi"]
[Result "1-0"]
[WhiteElo "2292"]
[BlackElo "2243"]
[PlyCount "45"]
[EventDate "2004.07.11"]

1. e4 e5 2. Nf3 Nc6 3. d4 exd4 4. Nxd4 Bc5 5. Nxc6 Qf6 6. Qd2 dxc6 7. Nc3 Be6
8. Na4 Rd8 9. Bd3 Bd4 10. O-O b5 11. c3 bxa4 12. cxd4 Qxd4 13. Qg5 a3 14. Be3
Qxd3 15. Qxg7 axb2 16. Rab1 Qxe4 17. Qxh8 f6 18. Qg7 Rd7 19. Qg3 Qc2 20. Rfe1
Bxa2 21. Rxb2 Rd1 22. Rb8+ Rd8 23. Qxc7 1-0

[Event "II Festival A"]
[Site "Cortina d'Ampezzo ITA"]
[Date "2004.07.16"]
[Round "7"]
[White "Cacco, Christian"]
[Black "Sulava, Nenad"]
[Result "1/2-1/2"]
[WhiteElo "2282"]
[BlackElo "2482"]
[PlyCount "36"]
[EventDate "2004.07.11"]

1. d4 d5 2. Nf3 Bg4 3. Ne5 Bf5 4. g4 Be4 5. f3 f6 6. Nd3 Bg6 7. Bf4 Nc6 8. c3
e6 9. Nd2 h5 10. e3 Bf7 11. e4 g5 12. Bg3 Bd6 13. gxh5 Rxh5 14. Bg2 Bxg3+ 15.
hxg3 Rxh1+ 16. Bxh1 Qd6 17. f4 O-O-O 18. Qf3 gxf4 1/2-1/2

[Event "II Festival A"]
[Site "Cortina d'Ampezzo ITA"]
[Date "2004.07.16"]
[Round "7"]
[White "Cavatorta, Fosco"]
[Black "Cetro, Carlo"]
[Result "0-1"]
[WhiteElo "2057"]
[BlackElo "2042"]
[PlyCount "100"]
[EventDate "2004.07.11"]

1. e4 e6 2. d3 c5 3. Nf3 Nc6 4. g3 g6 5. d4 Bg7 6. dxc5 Qa5+ 7. Bd2 Qxc5 8. Bc3
Nf6 9. Qe2 O-O 10. Nbd2 d6 11. Nb3 Qb6 12. a4 e5 13. a5 Qc7 14. Bg2 d5 15. Ng5
h6 16. exd5 Nd4 17. Qd2 hxg5 18. Nxd4 exd4 19. Bxd4 Re8+ 20. Kf1 Qc4+ 21. Kg1
Ne4 22. Bxe4 Rxe4 23. Bxg7 Kxg7 24. b3 Qc5 25. c4 Bh3 26. d6 Rd4 27. Qc3 Qxd6
28. Rd1 Rd8 29. f3 Kg8 30. Rxd4 Qxd4+ 31. Qxd4 Rxd4 32. Kf2 Rd2+ 33. Ke3 Rb2
34. g4 f5 35. gxf5 Bxf5 36. Kd4 Rxb3 37. h4 gxh4 38. Rxh4 Rxf3 39. Ke5 Ra3 40.
Kd6 Rxa5 41. c5 Ra6+ 42. Kd5 Kg7 43. Rb4 Be6+ 44. Ke5 b6 45. c6 Bf5 46. Kd6 Ra5
47. Kc7 b5 48. Kb7 a6 49. c7 Ra4 50. Rb1 Bxb1 0-1

[Event "II Festival A"]
[Site "Cortina d'Ampezzo ITA"]
[Date "2004.07.16"]
[Round "7"]
[White "Drazic, Sinisa"]
[Black "Vezzosi, Paolo"]
[Result "1-0"]
[WhiteElo "2461"]
[BlackElo "2350"]
[PlyCount "127"]
[EventDate "2004.07.11"]

1. e4 g6 2. d4 Bg7 3. Nc3 c6 4. Nf3 d5 5. h3 Nh6 6. Bf4 f6 7. exd5 cxd5 8. Nb5
Na6 9. c4 O-O 10. Qd2 Nf7 11. cxd5 Qxd5 12. Nc3 Qd8 13. Bc4 e6 14. O-O Nd6 15.
Bb3 Nc7 16. Rfe1 b6 17. Bg3 Rf7 18. Rad1 Bf8 19. Ne5 Rg7 20. d5 fxe5 21. Bxe5
Nb7 22. dxe6 Bxe6 23. Bxc7 Qxd2 24. Bxe6+ Kh8 25. Rxd2 Rxc7 26. Bd5 Rd8 27.
Rdd1 Nc5 28. Bf3 Rxd1 29. Rxd1 Rd7 30. Nd5 Kg7 31. h4 Kf7 32. g3 Bg7 33. b3 Bf8
34. Kg2 Na6 35. Rd4 Kg7 36. Rc4 Nc5 37. Rc3 Bd6 38. b4 Na6 39. Rc4 Nc7 40. Bg4
Rf7 41. Ne3 Na6 42. Nd5 Nc7 43. Ne3 Na6 44. a3 Rc7 45. Rd4 Be5 46. Rd3 h5 47.
Be2 Nb8 48. Rd5 Bf6 49. Rd2 Rd7 50. Rc2 Be5 51. Rc8 Rf7 52. Nc4 Bc7 53. Bf3 b5
54. Ne3 Bd6 55. Bd5 Rf8 56. Rc2 Rd8 57. f4 a6 58. Kf3 Re8 59. Be4 Kf6 60. Nd5+
Kf7 61. Rc3 Rd8 62. Nb6 Nd7 63. Nxd7 Rxd7 64. Rc6 1-0

[Event "II Festival A"]
[Site "Cortina d'Ampezzo ITA"]
[Date "2004.07.16"]
[Round "7"]
[White "Dvirnyy, Danyyil"]
[Black "Mariano, Elia"]
[Result "1-0"]
[WhiteElo "1968"]
[BlackElo "2212"]
[PlyCount "113"]
[EventDate "2004.07.11"]

1. e4 e6 2. d4 d5 3. e5 c5 4. c3 Qb6 5. Nf3 Nc6 6. a3 Bd7 7. b4 cxd4 8. cxd4
Rc8 9. Be2 Nh6 10. Bxh6 gxh6 11. O-O Bg7 12. Qd3 O-O 13. Nbd2 f6 14. exf6 Rxf6
15. Nb3 Be8 16. Rfe1 Qc7 17. Rac1 Qf4 18. Bf1 Bh5 19. Re3 Rcf8 20. Rd1 Rg6 21.
Kh1 b6 22. Rd2 Qd6 23. Nc1 Bxf3 24. Rxf3 Rxf3 25. Qxf3 Nxd4 26. Qc3 Nc6 27. Qc2
Bf6 28. Bb5 Ne7 29. Bd3 Rg7 30. Qa4 Qc6 31. Qd1 Ng6 32. Rc2 Qb7 33. Bb5 Nf8 34.
Qf3 Qf7 35. Nd3 Bd4 36. Qe2 Qg6 37. f3 Rf7 38. Be8 Qf6 39. Bxf7+ Qxf7 40. Ne5
Qg7 41. Nc6 Bf6 42. f4 Qd7 43. Ne5 Bxe5 44. Qxe5 Qa4 45. Qc3 a5 46. Rd2 axb4
47. axb4 Qb5 48. Rd3 Ng6 49. g3 Kf7 50. Kg2 Ne7 51. Rd2 Nc6 52. Qh8 Qxb4 53.
Qxh7+ Ke8 54. Rc2 Qb5 55. Qxh6 Kd7 56. Qg7+ Ne7 57. Ra2 1-0

[Event "II Festival A"]
[Site "Cortina d'Ampezzo ITA"]
[Date "2004.07.16"]
[Round "7"]
[White "Efimov, Igor"]
[Black "Lazic, Miroljub"]
[Result "0-1"]
[WhiteElo "2491"]
[BlackElo "2471"]
[PlyCount "76"]
[EventDate "2004.07.11"]

1. d4 d5 2. c4 c6 3. Nf3 Nf6 4. Nc3 e6 5. e3 Nbd7 6. Qc2 Bd6 7. Bd2 O-O 8.
O-O-O c5 9. e4 cxd4 10. Nxd4 Bc5 11. Bg5 h6 12. Bh4 Bxd4 13. Rxd4 Qb6 14. Rd1
d4 15. Na4 Qd6 16. Bg3 e5 17. c5 Qc6 18. f3 b5 19. cxb6 Bb7 20. bxa7 Rfc8 21.
Qxc6 Bxc6 22. Nc3 Rxa7 23. Bxe5 dxc3 24. Bxc3 Rxa2 25. Kb1 Raa8 26. Be2 Nc5 27.
Bxf6 gxf6 28. Bc4 Ba4 29. Rd6 Nxe4 30. fxe4 Rxc4 31. Rc1 Rxe4 32. Rxf6 Bb3 33.
Rf3 Ba2+ 34. Kc2 Re2+ 35. Kc3 Rxg2 36. Kd4 Rxb2 37. Rg1+ Kf8 38. Rh3 Rb4+ 0-1

[Event "II Festival A"]
[Site "Cortina d'Ampezzo ITA"]
[Date "2004.07.16"]
[Round "7"]
[White "Genocchio, Daniele"]
[Black "Castaldo, Folco"]
[Result "0-1"]
[WhiteElo "2353"]
[BlackElo "2318"]
[PlyCount "79"]
[EventDate "2004.07.11"]

1. f4 Nf6 2. Nf3 g6 3. b3 Bg7 4. Bb2 O-O 5. e3 d5 6. Be2 c5 7. O-O Nc6 8. Ne5
Nxe5 9. fxe5 Nd7 10. d4 f6 11. Bf3 e6 12. exf6 Qxf6 13. Nc3 Qg5 14. Qd3 b6 15.
Rae1 Bb7 16. Kh1 a6 17. Bc1 Qh4 18. g3 Qe7 19. Bg2 Nf6 20. dxc5 Qxc5 21. Na4
Qc7 22. Ba3 Rfe8 23. Qd4 Nd7 24. Qf4 Qxf4 25. exf4 Rac8 26. Bh3 Kf7 27. Nb2
Rxc2 28. Nd3 Rxa2 29. Bd6 Rd2 30. Ne5+ Nxe5 31. fxe5+ Kg8 32. Rc1 d4+ 33. Kg1
Bh6 34. Rf6 Be3+ 35. Kf1 Bd5 36. Rc7 Rxh2 37. Rff7 Rxh3 38. Rg7+ Kh8 39. Ke2
Rh2+ 40. Ke1 0-1

[Event "II Festival A"]
[Site "Cortina d'Ampezzo ITA"]
[Date "2004.07.16"]
[Round "7"]
[White "Guido, Flavio"]
[Black "Tomba, Ivan"]
[Result "1-0"]
[WhiteElo "2338"]
[BlackElo "2292"]
[PlyCount "79"]
[EventDate "2004.07.11"]

1. e4 c5 2. c3 d5 3. exd5 Qxd5 4. d4 Nf6 5. Nf3 Bg4 6. Be2 e6 7. O-O Nc6 8. h3
Bh5 9. Be3 cxd4 10. cxd4 Be7 11. Nc3 Qd6 12. a3 O-O 13. Qb3 Rfd8 14. Rfd1 Nd5
15. Rac1 Nxe3 16. fxe3 Rab8 17. Ne4 Qd5 18. Qxd5 Rxd5 19. b4 Bg6 20. Nc5 Rd6
21. Bb5 Nd8 22. Nd7 Ra8 23. Rc7 a6 24. Be2 Rc6 25. Rc1 Rxc7 26. Rxc7 Bd6 27.
Rc3 Be4 28. Nb6 Rb8 29. Nd7 Ra8 30. Nfe5 f6 31. Nb6 Ra7 32. Nc8 fxe5 33. Nxa7
Bb8 34. Rc8 Bxa7 35. Rxd8+ Kf7 36. Bf3 Bxf3 37. gxf3 exd4 38. Rd7+ Ke8 39. Rxb7
d3 40. Kf2 1-0

[Event "II Festival A"]
[Site "Cortina d'Ampezzo ITA"]
[Date "2004.07.16"]
[Round "7"]
[White "Kostic, Vladimir G."]
[Black "Miladinovic, Igor"]
[Result "1/2-1/2"]
[WhiteElo "2390"]
[BlackElo "2630"]
[PlyCount "105"]
[EventDate "2004.07.11"]

1. e4 c5 2. Nf3 Nc6 3. d4 cxd4 4. Nxd4 Qc7 5. Nc3 e6 6. Be3 a6 7. Bd3 Nf6 8.
O-O h5 9. h3 b5 10. Nxc6 Qxc6 11. Be2 Qc7 12. Bf3 Rb8 13. Bd4 b4 14. e5 bxc3
15. exf6 g5 16. Bxh5 cxb2 17. Rb1 Bc5 18. Bg4 Rb4 19. c3 Bxd4 20. cxd4 Qc3 21.
Qf3 Qxf3 22. Bxf3 Rh6 23. Rfd1 Rxf6 24. a3 Rb3 25. Rd2 Rf4 26. Bd1 Rxa3 27.
Rbxb2 Rc3 28. d5 Ke7 29. Bf3 e5 30. d6+ Kf6 31. Rdc2 Rfc4 32. Rd2 a5 33. Rb5 e4
34. Bg4 Rc5 35. Rd5 Rxd5 36. Rxd5 a4 37. Rf5+ Kg6 38. Ra5 Rc1+ 39. Kh2 Rc4 40.
Bf5+ Kf6 41. g4 a3 42. Rxa3 Ke5 43. Re3 Kf4 44. Kg2 Rd4 45. Rb3 Ba6 46. Re3 Bb5
47. Bxe4 Rxe4 48. Rf3+ Ke5 49. Rf5+ Kxd6 50. Rxb5 f6 51. Kg3 Ra4 52. Rf5 Ke6
53. f4 1/2-1/2

[Event "II Festival A"]
[Site "Cortina d'Ampezzo ITA"]
[Date "2004.07.16"]
[Round "7"]
[White "Lain, Luigi"]
[Black "Rombaldoni, Denis"]
[Result "1-0"]
[WhiteElo "2243"]
[BlackElo "2224"]
[PlyCount "125"]
[EventDate "2004.07.11"]

1. d4 d5 2. c4 e6 3. Nc3 Be7 4. cxd5 exd5 5. Bf4 Nf6 6. e3 c6 7. Bd3 Nbd7 8.
Qc2 Nf8 9. Nge2 Ne6 10. Bg3 g6 11. O-O O-O 12. Rab1 Re8 13. b4 a5 14. a3 Ng7
15. f3 Nfh5 16. Bf2 f5 17. Qb3 axb4 18. axb4 Be6 19. Rfc1 Bf7 20. Na4 b5 21.
Nc5 Bxc5 22. Rxc5 Ra6 23. Rbc1 Qa8 24. Qc2 Ra2 25. Qb1 Ra6 26. R5c3 Be6 27. h3
Re7 28. Bh4 Rf7 29. g4 Nf6 30. Nf4 Bd7 31. Qb3 Nfe8 32. Bg3 fxg4 33. fxg4 Qd8
34. e4 g5 35. Ng2 dxe4 36. Bxe4 Be6 37. Qd1 Bc4 38. Ne3 Nd6 39. Bxd6 Qxd6 40.
Nxc4 bxc4 41. Qd2 Rf4 42. Re3 Ne6 43. d5 Nc7 44. Rd1 c5 45. bxc5 Qxc5 46. Qd4
Qxd4 47. Rxd4 c3 48. d6 c2 49. Bxc2 Rxd4 50. dxc7 Ra1+ 51. Kf2 Rf4+ 52. Ke2 Ra8
53. Bf5 Rxf5 54. gxf5 Kf7 55. Rc3 Rc8 56. Rc6 Ke7 57. Rh6 Kf7 58. Kf3 Kg7 59.
Rc6 h5 60. Ke4 Kf7 61. Ke5 h4 62. Kd6 Ke8 63. Rc4 1-0

[Event "II Festival A"]
[Site "Cortina d'Ampezzo ITA"]
[Date "2004.07.16"]
[Round "7"]
[White "Logallo, Claudio"]
[Black "Belloni, Umberto"]
[Result "1-0"]
[WhiteElo "2017"]
[BlackElo "1955"]
[PlyCount "100"]
[EventDate "2004.07.11"]

1. e4 e6 2. d3 d5 3. Nd2 Nf6 4. Ngf3 Be7 5. g3 c6 6. Bg2 Qc7 7. O-O Nbd7 8. Re1
dxe4 9. dxe4 O-O 10. c3 Rd8 11. e5 Ne8 12. Qe2 b6 13. Nf1 h6 14. h4 Bb7 15. Bf4
Nf8 16. N1h2 Ng6 17. Bc1 Rd7 18. h5 Nf8 19. Bf4 Rad8 20. Rad1 Rxd1 21. Rxd1 c5
22. Ng4 Rxd1+ 23. Qxd1 Qd7 24. Qc1 Bxf3 25. Bxf3 Bd8 26. Be4 f5 27. exf6 Nxf6
28. Nxf6+ Bxf6 29. Qd2 Qxd2 30. Bxd2 Kf7 31. Bc6 Ke7 32. b3 Kd6 33. Be8 Nd7 34.
Bxd7 Kxd7 35. c4 Bg5 36. f4 Bf6 37. Kf2 Kd6 38. Kf3 Bd4 39. Ke4 Bb2 40. g4 Ke7
41. g5 hxg5 42. fxg5 a6 43. a4 Kd6 44. Bf4+ e5 45. Bg3 Ke6 46. h6 gxh6 47. gxh6
Kf6 48. h7 Kg7 49. Bxe5+ Bxe5 50. Kxe5 Kxh7 1-0

[Event "II Festival A"]
[Site "Cortina d'Ampezzo ITA"]
[Date "2004.07.16"]
[Round "7"]
[White "Navarro, Stefano"]
[Black "Qendro, Llambi"]
[Result "1-0"]
[WhiteElo "2117"]
[BlackElo "2343"]
[PlyCount "75"]
[EventDate "2004.07.11"]

1. e4 g6 2. d4 Bg7 3. Nc3 c6 4. Nf3 d6 5. Be2 Nf6 6. h3 O-O 7. O-O Qc7 8. Bg5
Nbd7 9. a4 e5 10. dxe5 dxe5 11. Bc4 Nc5 12. Qe2 Ne6 13. Be3 Nh5 14. Rfd1 Nef4
15. Qd2 Bxh3 16. gxh3 Rad8 17. Qe1 Nxh3+ 18. Kh2 N5f4 19. Ne2 Bh6 20. Nxf4 Nxf4
21. Bxf4 Bxf4+ 22. Kg2 Kh8 23. Rxd8 Qxd8 24. Rd1 Qc8 25. Qh1 f5 26. Nh4 Kg7 27.
Qh3 b5 28. Bd3 Qd8 29. exf5 e4 30. Be2 Qg5+ 31. Kh1 e3 32. fxe3 Bxe3 33. Rd7+
Kf6 34. Ng2 Bb6 35. Qc3+ Kxf5 36. Qd3+ Ke5 37. Qd6+ Ke4 38. Re7+ 1-0

[Event "II Festival A"]
[Site "Cortina d'Ampezzo ITA"]
[Date "2004.07.16"]
[Round "7"]
[White "Poropat, Marijan"]
[Black "Cardili, Mariano"]
[Result "1/2-1/2"]
[WhiteElo "2126"]
[BlackElo "1997"]
[PlyCount "116"]
[EventDate "2004.07.11"]

1. d4 d5 2. c4 c6 3. Nf3 Nf6 4. e3 a6 5. cxd5 cxd5 6. Qb3 Nc6 7. Nc3 e6 8. Bd3
b5 9. O-O Bb7 10. Qd1 Be7 11. Qe2 O-O 12. Rd1 Qb6 13. Bd2 Rac8 14. Rac1 Na5 15.
Be1 Nc4 16. b3 Nd6 17. Ne5 Rc7 18. f3 Rfc8 19. Bb1 a5 20. Bd3 Bc6 21. Nxc6 Rxc6
22. Bd2 b4 23. Na4 Qa7 24. Nc5 Nf5 25. Bb5 R6c7 26. Ba6 Ra8 27. g4 Nh4 28. Bd3
Bxc5 29. dxc5 Rxc5 30. Rxc5 Qxc5 31. Rc1 Qb6 32. Be1 Ng6 33. Bg3 Nd7 34. h4
Nge5 35. Bb1 Qa6 36. Qd1 Rc8 37. Kf2 f6 38. Rxc8+ Qxc8 39. f4 Nf7 40. Qd3 g6
41. f5 Nde5 42. Qd4 exf5 43. gxf5 Qc6 44. fxg6 hxg6 45. Bd3 Nxd3+ 46. Qxd3 Ne5
47. Qd1 Kg7 48. Bf4 Qe6 49. Kg3 Qf5 50. Qxd5 Qg4+ 51. Kf2 Qxh4+ 52. Kg2 Qg4+
53. Kf2 g5 54. Bg3 Qf5+ 55. Ke2 Qc2+ 56. Qd2 Qxd2+ 57. Kxd2 Kg6 58. e4 g4
1/2-1/2

[Event "II Festival A"]
[Site "Cortina d'Ampezzo ITA"]
[Date "2004.07.16"]
[Round "7"]
[White "Ricci, Alfredo"]
[Black "Quaranta, Cristiano"]
[Result "1-0"]
[WhiteElo "2002"]
[BlackElo "2110"]
[PlyCount "61"]
[EventDate "2004.07.11"]

1. e4 c5 2. d4 cxd4 3. c3 dxc3 4. Nxc3 Nc6 5. Nf3 e6 6. Bc4 a6 7. O-O Nge7 8.
Bg5 f6 9. Bf4 Ng6 10. Bg3 Be7 11. Qe2 O-O 12. Rfd1 Qa5 13. a3 b5 14. b4 Qb6 15.
Bb3 Nce5 16. Nd4 Nf7 17. Kh1 Rd8 18. f4 Bb7 19. f5 Nf8 20. Bf2 Qc7 21. Rac1
Rac8 22. Nd5 Qd6 23. Rxc8 Rxc8 24. Bg3 e5 25. Qh5 g6 26. Qg4 Bxd5 27. Bxd5 Qb6
28. fxg6 hxg6 29. Nf5 Bd8 30. Nh6+ Kg7 31. Nxf7 1-0

[Event "II Festival A"]
[Site "Cortina d'Ampezzo ITA"]
[Date "2004.07.16"]
[Round "7"]
[White "Rocchetti, Marco"]
[Black "Boscolo, Marco"]
[Result "0-1"]
[WhiteElo "1978"]
[BlackElo "1898"]
[PlyCount "149"]
[EventDate "2004.07.11"]

1. d4 e6 2. Nf3 Nf6 3. Bf4 d5 4. e3 c5 5. Nbd2 Nc6 6. c3 Be7 7. Bd3 Qb6 8. Rb1
Nd7 9. O-O f5 10. Ne5 Ndxe5 11. Bxe5 Nxe5 12. dxe5 O-O 13. Qe2 Bd7 14. f4 Rad8
15. Nf3 a6 16. c4 Qa5 17. a3 b5 18. cxd5 exd5 19. Rfd1 Be6 20. Bc2 Qb6 21. Kh1
a5 22. Qe1 b4 23. axb4 axb4 24. b3 Bc8 25. Bd3 Ba6 26. Qe2 Bb7 27. Qc2 g6 28.
Qe2 Ra8 29. e6 Bf6 30. h4 Qxe6 31. Ng5 Bxg5 32. hxg5 Rfe8 33. Re1 Ba6 34. Bb5
Reb8 35. Bxa6 Rxa6 36. Qb2 Rba8 37. Qc2 Qe4 38. Qxc5 Ra2 39. Rg1 Rxg2 40. Rxg2
Qxb1+ 41. Kh2 Qe4 42. Rd2 Rd8 43. Qd4 Re8 44. Qxe4 dxe4 45. Rd4 Rb8 46. Kg2 Rb7
47. Kh2 Kg7 48. Kg3 h6 49. gxh6+ Kxh6 50. Kh4 Rc7 51. Rxb4 Rc3 52. Rb8 Rxe3 53.
b4 Rb3 54. b5 e3 55. Rh8+ Kg7 56. Re8 Kf7 57. Re5 Kf6 58. Re8 Rxb5 59. Rxe3 Rb1
60. Ra3 Rh1+ 61. Kg3 Rg1+ 62. Kf2 Rg4 63. Ra6+ Kg7 64. Kf3 Kh6 65. Rb6 Rg1 66.
Kf2 Ra1 67. Kg3 Kh5 68. Rb3 g5 69. fxg5 Kxg5 70. Kf3 Rf1+ 71. Kg2 Rd1 72. Kf3
Rd4 73. Rb8 Rd3+ 74. Kf2 Ra3 75. Rg8+ 0-1

[Event "II Festival A"]
[Site "Cortina d'Ampezzo ITA"]
[Date "2004.07.16"]
[Round "7"]
[White "Tamburini, Lorenzo"]
[Black "Papa, Angelo"]
[Result "1-0"]
[WhiteElo "2078"]
[BlackElo "1904"]
[PlyCount "43"]
[EventDate "2004.07.11"]

1. e4 d6 2. d4 Nf6 3. f3 Nbd7 4. c4 e5 5. d5 Be7 6. Bd3 Nc5 7. Ne2 a5 8. O-O
O-O 9. Nbc3 Ne8 10. Ng3 Bg5 11. Qe2 Nxd3 12. Qxd3 Bxc1 13. Raxc1 g6 14. Nb5 b6
15. f4 exf4 16. Rxf4 Qg5 17. Rcf1 Qe5 18. Qd2 Bd7 19. Nd4 Ng7 20. Rh4 h5 21.
Nf3 Qe7 22. Qh6 1-0

[Event "II Festival A"]
[Site "Cortina d'Ampezzo ITA"]
[Date "2004.07.16"]
[Round "7"]
[White "Ventura, Sergio"]
[Black "Bellincampi, Stefano"]
[Result "1/2-1/2"]
[WhiteElo "2175"]
[BlackElo "2064"]
[PlyCount "127"]
[EventDate "2004.07.11"]

1. c4 Nf6 2. Nc3 e6 3. e4 c5 4. e5 Ng8 5. Nf3 d6 6. d4 dxe5 7. dxe5 Qxd1+ 8.
Kxd1 Bd7 9. Be3 Nc6 10. Ne4 b6 11. Kc2 f5 12. Nc3 Nge7 13. g3 Ng6 14. Bg2 Nb4+
15. Kb3 a5 16. Na4 b5 17. Nb6 bxc4+ 18. Kxc4 Rd8 19. Nxd7 Rxd7 20. Rad1 Nd5 21.
Bd2 Be7 22. h4 h5 23. Bxa5 Ra7 24. Bc3 Rxa2 25. Ra1 Nxc3 26. Kxc3 Rxa1 27. Rxa1
O-O 28. Ra6 Kf7 29. Ra7 Kg8 30. Bh3 Rb8 31. Nd2 Bd8 32. Nc4 Ne7 33. Ne3 Nc6 34.
Ra6 Ba5+ 35. Kc4 Nxe5+ 36. Kxc5 Bb4+ 37. Kd4 Nf3+ 38. Kd3 Rd8+ 39. Kc4 Rd4+ 40.
Kb5 Be1 41. Rxe6 Bxf2 42. Nxf5 Rd5+ 43. Ka6 Rd2 44. b4 Rd7 45. Ne3 Rd3 46. Nf5
Rd7 47. Ne7+ Kf7 48. Nc6 Rd3 49. b5 Ra3+ 50. Kb7 Rb3 51. Nd8+ Kf8 52. b6 Bxg3
53. Kc8 Bxh4 54. Bg2 Bg3 55. b7 Nd4 56. Rg6 Bh2 57. Ne6+ Nxe6 58. Rxe6 h4 59.
Kd7 Rxb7+ 60. Bxb7 g5 61. Rg6 Kf7 62. Rxg5 Kf6 63. Rh5 Bg3 64. Bf3 1/2-1/2

[Event "II Festival A"]
[Site "Cortina d'Ampezzo ITA"]
[Date "2004.07.16"]
[Round "7"]
[White "Xia, Jie"]
[Black "Sanzani, Pierluigi"]
[Result "1-0"]
[WhiteElo "2126"]
[BlackElo "1955"]
[PlyCount "59"]
[EventDate "2004.07.11"]

1. e4 c5 2. Nf3 d6 3. d4 cxd4 4. Nxd4 Nf6 5. Nc3 g6 6. Be3 Bg7 7. f3 O-O 8. Qd2
Nc6 9. Bc4 Bd7 10. O-O-O Ne5 11. Bb3 Qa5 12. Kb1 Rfc8 13. h4 Nc4 14. Bxc4 Rxc4
15. g4 Rac8 16. Nde2 Be6 17. Bd4 Rxd4 18. Nxd4 Bc4 19. h5 b5 20. Nb3 Qc7 21.
hxg6 hxg6 22. Rh3 a5 23. Rdh1 Kf8 24. Nd5 Nxd5 25. exd5 Bxd5 26. Rh8+ Bxh8 27.
Rxh8+ Kg7 28. Qh6+ Kf6 29. g5+ Ke5 30. Qh2+ 1-0

[Event "II Festival A"]
[Site "Cortina d'Ampezzo ITA"]
[Date "2004.07.16"]
[Round "7"]
[White "Zoldan, Matteo"]
[Black "Bisignano, Giuseppe"]
[Result "1-0"]
[WhiteElo "2103"]
[BlackElo "1958"]
[PlyCount "61"]
[EventDate "2004.07.11"]

1. e4 e5 2. Nc3 Nc6 3. Bc4 Bc5 4. d3 d6 5. Be3 Nf6 6. Bxc5 dxc5 7. Nge2 O-O 8.
O-O Nd4 9. f4 c6 10. a4 b5 11. axb5 cxb5 12. Nxb5 Nxb5 13. Bxb5 c4 14. Bxc4
Qb6+ 15. d4 Bb7 16. fxe5 Ng4 17. Ra3 Bxe4 18. Ng3 Nxe5 19. Be2 Rfd8 20. c3 Bg6
21. Qa1 Nd3 22. Bf3 Rac8 23. Rxa7 Nxb2 24. Rb7 Qe6 25. Qxb2 Qe3+ 26. Kh1 Rxc3
27. Rb8 Rcc8 28. Rxc8 Rxc8 29. d5 h5 30. Nxh5 Rc2 31. Qxg7# 1-0

[Event "II Festival A"]
[Site "Cortina d'Ampezzo ITA"]
[Date "2004.07.17"]
[Round "8"]
[White "Bellincampi, Stefano"]
[Black "Qendro, Llambi"]
[Result "0-1"]
[WhiteElo "2064"]
[BlackElo "2343"]
[PlyCount "88"]
[EventDate "2004.07.11"]

1. e4 d6 2. d4 Nf6 3. Nc3 g6 4. f4 Bg7 5. Nf3 O-O 6. Bd3 Nc6 7. e5 dxe5 8. fxe5
Nh5 9. Be2 Bg4 10. Be3 f6 11. exf6 Bxf6 12. Ne4 Bxf3 13. Nxf6+ exf6 14. Bxf3
Re8 15. Kf2 Ng7 16. c3 Nf5 17. Bf4 Kg7 18. Re1 Qd7 19. Qd2 g5 20. Be3 Nh4 21.
Bh5 Re7 22. Kg1 Qd5 23. b3 Kh6 24. Bg4 Rae8 25. Bh3 Kg7 26. Bf2 Ng6 27. c4 Qd6
28. d5 Nf4 29. Rxe7+ Rxe7 30. Bg4 h5 31. Bd1 Ne5 32. Bg3 Ned3 33. Bc2 Qc5+ 34.
Kf1 Re2 35. Qxe2 Nxe2 36. Kxe2 Nb4 37. Bf5 h4 38. Bf2 Qd6 39. Rf1 Qe5+ 40. Be3
Nxa2 41. Bc2 Qb2 42. Kd1 Qa1+ 43. Ke2 Nc3+ 44. Kf2 Qb2 0-1

[Event "II Festival A"]
[Site "Cortina d'Ampezzo ITA"]
[Date "2004.07.17"]
[Round "8"]
[White "Belloni, Umberto"]
[Black "Rocchetti, Marco"]
[Result "0-1"]
[WhiteElo "1955"]
[BlackElo "1978"]
[PlyCount "137"]
[EventDate "2004.07.11"]

1. e4 d5 2. exd5 Qxd5 3. Nc3 Qa5 4. Nf3 Nf6 5. Be2 Bf5 6. d3 e6 7. Bd2 c6 8.
O-O Nbd7 9. Ne4 Qc7 10. Ng3 Bg6 11. Bc3 Nd5 12. Bd2 Bd6 13. a3 Nf4 14. Re1
O-O-O 15. b4 h5 16. a4 h4 17. Nf1 h3 18. g3 Ng2 19. Ne3 Nxe1 20. Qxe1 f5 21.
Nc4 Rde8 22. Be3 Kb8 23. Qc3 e5 24. Nxd6 Qxd6 25. Nd2 f4 26. Bc5 Nxc5 27. bxc5
Qf6 28. Qb4 fxg3 29. fxg3 e4 30. Rb1 Re7 31. d4 Rf7 32. Rf1 Qe7 33. Rb1 Bf5 34.
Nc4 Bc8 35. Na5 Qg5 36. Qc3 Ka8 37. Nc4 Qf5 38. Rf1 Qe6 39. Rb1 Rhf8 40. Ne3
Rf2 41. Bg4 Qf7 42. Bxc8 Rxc8 43. Qb3 Qxb3 44. cxb3 Rf3 45. Re1 Re8 46. b4 Kb8
47. b5 Kc7 48. d5 cxd5 49. Nxd5+ Kb8 50. a5 Ra3 51. a6 bxa6 52. bxa6 Rxa6 53.
Rb1+ Kc8 54. Nb4 Ra4 55. Kf2 Kc7 56. Ke3 Ra3+ 57. Kd4 e3 58. Nd5+ Kc6 59. Nb4+
Kc7 60. Nd5+ Kc8 61. Nc3 e2 62. Re1 Rd8+ 63. Kc4 Re8 64. Kb4 Rxc3 65. Kxc3 Kc7
66. Kd3 Kc6 67. Kd2 Kxc5 68. Rc1+ Kb6 69. Ke1 0-1